Priamy marketing-jeho úlohy a formy v rámci marketingovej komunikácie

Enregistré dans:
Détails bibliographiques
Auteur principal: Fiľková, Monika
Format: Livre
Langue:slovaque
Publié: Bratislava STU FCHPT 2012
Accès en ligne:Voir à l'OPAC
Tags: Ajouter un tag
Pas de tags, Soyez le premier à ajouter un tag!

MARC

LEADER 00000nam a2200000 a 4500
005 20260127134101.0
008 120831 2012 xo 000 0 slo d
035 |a vtls010445151 
039 9 |y 201208310943  |z mschk03 
040 |a STUSCHK1  |b slo  |c STUSCHK1  |e AACR2 
100 1 |a Fiľková, Monika 
245 1 |a Priamy marketing-jeho úlohy a formy v rámci marketingovej komunikácie  |c Monika Fiľková 
260 |a Bratislava  |b STU FCHPT  |c 2012 
300 |a 78 s.  |b il.  |c 30 cm 
500 |a Obháj.: 21.8. 2012 
500 |a Študijný program: automatizácia, informatizácia a manažment v chémii a potravinárstve 
500 |a Študijný odbor: 5.2.14 automatizácia, 5.2.52 priemyselné inžinierstvo 
500 |a Bakalárska práca 
500 |a FCHPT, Oddelenie manažmentu chemických a potravinárskych technológií 
500 |a Evidenčné číslo: 5416-70065 
910 |a SCHK95 
999 |c 3696  |d 3696